[Event "Scarborough CC Fall Swiss U1700"]
[Site "Toronto CAN"]
[Date "2007.11.29"]
[Round "5"]
[White "Ward, Dean"]
[Black "Karpik, Steve"]
[Result "1/2-1/2"]
[WhiteElo "1613"]
[BlackElo "1621"]
[PlyCount "124"]
[GameId "2160767910578708"]
[EventDate "2007.11.01"]
[EventType "swiss"]
[EventRounds "8"]
[EventCountry "CAN"]
[SourceTitle "EXT 2022"]
[Source "ChessBase"]
[SourceDate "2021.10.06"]
[SourceVersion "1"]
[SourceVersionDate "2021.10.06"]
[SourceQuality "1"]

1. e4 d6 2. Bc4 Nf6 3. Nc3 a6 4. d3 b5 5. Bb3 Bb7 6. a3 c5 7. Be3 g6 8. Qd2 Bg7 9. Bh6 O-O 10. Bxg7 Kxg7 11. h4 Qd7 12. f3 h5 13. O-O-O a5 14. a4 b4 15. Nb5 Bc6 16. Bc4 d5 17. exd5 Nxd5 18. Bxd5 Bxd5 19. d4 Bc4 20. dxc5 Bxb5 21. axb5 Qxb5 22. Qd4+ f6 23. b3 Nc6 24. Qe3 a4 25. bxa4 Qxa4 26. Qb3 Qa1+ 27. Qb1 Qa3+ 28. Kd2 Rfd8+ 29. Ke2 Nd4+ 30. Kf2 Qa2 31. Qxb4 Nxc2 32. Qb1 Nb4+ 33. Ne2 Qxb1 34. Rxb1 Nd3+ 35. Kg3 Nxc5 36. Nf4 Kf7 37. Rhc1 Nd3 38. Nxd3 Rxd3 39. Rc7 Rad8 40. Rbb7 Re3 41. Kf2 Re5 42. Kg3 g5 43. hxg5 Rxg5+ 44. Kh4 Rd4+ 45. Kh3 Re5 46. Kg3 h4+ 47. Kh3 Re1 48. Kh2 Rdd1 49. Kh3 Rh1+ 50. Kg4 Rd4+ 51. f4 Re1 52. Kxh4 Rxf4+ 53. Kg3 Rfe4 54. Kf3 Re5 55. Kf2 f5 56. Ra7 f4 57. Kf3 R5e4 58. Kf2 R4e3 59. Rc4 R1e2+ 60. Kf1 Re1+ 61. Kf2 R1e2+ 62. Kf1 Re1+ 1/2-1/2

[Event "Scarborough CC Fall Swiss U1700"]
[Site "Toronto CAN"]
[Date "2007.12.06"]
[Round "6"]
[White "Graham, John"]
[Black "Seedhouse, Jeff"]
[Result "1/2-1/2"]
[WhiteElo "1534"]
[BlackElo "1519"]
[PlyCount "79"]
[GameId "2160767910578709"]
[EventDate "2007.11.01"]
[EventType "swiss"]
[EventRounds "8"]
[EventCountry "CAN"]
[SourceTitle "EXT 2022"]
[Source "ChessBase"]
[SourceDate "2021.10.06"]
[SourceVersion "1"]
[SourceVersionDate "2021.10.06"]
[SourceQuality "1"]

1. c4 e5 2. g3 Nf6 3. Bg2 Nc6 4. Nc3 Bb4 5. Nd5 Nxd5 6. Bxd5 O-O 7. a3 Be7 8. Nf3 d6 9. h4 Be6 10. d3 Bxd5 11. cxd5 Nd4 12. Nxd4 exd4 13. Qa4 Bf6 14. Bg5 Bxg5 15. hxg5 Qxg5 16. Qxd4 Rfe8 17. Qh4 Qxh4 18. Rxh4 Re5 19. e4 Rc8 20. Kd2 g5 21. Rh6 Kg7 22. Rah1 Rh8 23. f4 gxf4 24. gxf4 Re7 25. f5 f6 26. R6h4 Kf8 27. Rh6 Kg7 28. Kc3 b6 29. b4 a6 30. a4 Rf7 31. d4 Re7 32. Kd3 Ree8 33. Ke3 Re7 34. Kf4 Ree8 35. R6h3 Re7 36. Rg3+ Kf8 37. Rh6 Kf7 38. Rg4 Ree8 39. Rg1 Re7 40. Rgh1 1/2-1/2

[Event "Scarborough CC Fall Swiss U1700"]
[Site "Toronto CAN"]
[Date "2007.12.06"]
[Round "6"]
[White "Philip, Andrew"]
[Black "Wang, Jerry ZS"]
[Result "1-0"]
[WhiteElo "1636"]
[BlackElo "1733"]
[PlyCount "57"]
[GameId "2160767910578710"]
[EventDate "2007.11.01"]
[EventType "swiss"]
[EventRounds "8"]
[EventCountry "CAN"]
[SourceTitle "EXT 2022"]
[Source "ChessBase"]
[SourceDate "2021.10.06"]
[SourceVersion "1"]
[SourceVersionDate "2021.10.06"]
[SourceQuality "1"]

1. d4 Nf6 2. Bg5 d5 3. Bxf6 gxf6 4. Nf3 Bg7 5. e3 e5 6. c4 c6 7. Nc3 e4 8. Nd2 Be6 9. Qb3 Qd7 10. cxd5 cxd5 11. Bb5 Nc6 12. O-O-O O-O-O 13. Ndxe4 dxe4 14. d5 Qe7 15. dxe6 Qxe6 16. Qxe6+ fxe6 17. Bxc6 bxc6 18. Nxe4 Kc7 19. Nc5 Rd6 20. Na6+ Kd7 21. Rxd6+ Kxd6 22. Rd1+ Ke5 23. Rd7 Bh6 24. Rxa7 f5 25. Nc5 Kd5 26. Nd3 Ke4 27. Kc2 Rg8 28. Ra4+ Kd5 29. Rd4# 1-0

[Event "Scarborough CC Fall Swiss U1700"]
[Site "Toronto CAN"]
[Date "2007.12.06"]
[Round "6"]
[White "Wu, Kevin"]
[Black "Jizan, Masoud"]
[Result "1-0"]
[WhiteElo "1517"]
[BlackElo "1612"]
[PlyCount "86"]
[GameId "2160767910578711"]
[EventDate "2007.11.01"]
[EventType "swiss"]
[EventRounds "8"]
[EventCountry "CAN"]
[SourceTitle "EXT 2022"]
[Source "ChessBase"]
[SourceDate "2021.10.06"]
[SourceVersion "1"]
[SourceVersionDate "2021.10.06"]
[SourceQuality "1"]

1. e4 b6 2. d4 Bb7 3. Nc3 e6 4. Bc4 d6 5. Nge2 Nf6 6. f3 Nbd7 7. Be3 Be7 8. Qd2 c6 9. Bb3 O-O 10. g4 a5 11. a3 b5 12. Ng3 Nb6 13. g5 Nfd7 14. h4 Nc4 15. Bxc4 bxc4 16. h5 Qc7 17. Qh2 Qb6 18. Rb1 Ne5 19. Ke2 Nd7 20. g6 h6 21. Rhg1 f5 22. d5 Qc7 23. dxe6 f4 24. Nf5 Nc5 25. Bxf4 Nxe6 26. Nxe7+ Qxe7 27. Be3 d5 28. Qe5 Rad8 29. f4 d4 30. f5 dxe3 31. Qxe6+ Qxe6 32. fxe6 Rfe8 33. Rbd1 Bc8 34. Kxe3 Bxe6 35. Ne2 Rxd1 36. Rxd1 Bg4 37. Rd6 Rc8 38. Nf4 Kf8 39. Rd4 Rb8 40. Rxc4 Rxb2 41. Rxc6 Ra2 42. Rc3 Ke7 43. Nd5+ Kd7 1-0

[Event "Scarborough CC Fall Swiss U1700"]
[Site "Toronto CAN"]
[Date "2007.12.06"]
[Round "6"]
[White "Xia, Linda"]
[Black "Dattani, Dinesh"]
[Result "1-0"]
[WhiteElo "1329"]
[BlackElo "1390"]
[PlyCount "100"]
[GameId "2160767910578712"]
[EventDate "2007.11.01"]
[EventType "swiss"]
[EventRounds "8"]
[EventCountry "CAN"]
[SourceTitle "EXT 2022"]
[Source "ChessBase"]
[SourceDate "2021.10.06"]
[SourceVersion "1"]
[SourceVersionDate "2021.10.06"]
[SourceQuality "1"]

1. d4 d5 2. c4 c6 3. Nc3 Nf6 4. Nf3 e6 5. Bg5 Be7 6. e3 Nbd7 7. Bd3 dxc4 8. Bxc4 b5 9. Be2 O-O 10. O-O Bb7 11. a3 Rc8 12. b4 a5 13. Rb1 axb4 14. axb4 Ra8 15. Qb3 Qc7 16. Rfc1 Qd6 17. Bf4 Qxb4 18. Qxb4 Bxb4 19. Rxb4 Ra6 20. Ne5 Rfa8 21. Rcb1 Ra3 22. R1b3 Ra1+ 23. Rb1 Rxb1+ 24. Rxb1 Ra3 25. Nd1 Nxe5 26. Bxe5 Nd5 27. Bd6 Ra2 28. Bf4 f6 29. Bc4 Kf7 30. Kf1 Rc2 31. Bxd5 exd5 32. Rb2 Rc1 33. Ke2 Bc8 34. Kd2 Ra1 35. Nc3 Rh1 36. Bd6 Rg1 37. Ke2 Rxg2 38. Bg3 Rg1 39. Nd1 Bg4+ 40. f3 Bxf3+ 41. Kxf3 Rxd1 42. Rc2 b4 43. Rb2 Rc1 44. Rxb4 c5 45. Rb7+ Kg6 46. Rc7 c4 47. Rc5 c3 48. Ke2 Kf5 49. Kd3 Kg4 50. Rxc3 Rxc3+ 1-0

[Event "Scarborough CC Fall Swiss U1700"]
[Site "Toronto CAN"]
[Date "2007.12.13"]
[Round "7"]
[White "Azmitia, Gabriel"]
[Black "Douglas, Steven1"]
[Result "0-1"]
[WhiteElo "1543"]
[BlackElo "1613"]
[PlyCount "74"]
[GameId "2160767910578713"]
[EventDate "2007.11.01"]
[EventType "swiss"]
[EventRounds "8"]
[EventCountry "CAN"]
[SourceTitle "EXT 2022"]
[Source "ChessBase"]
[SourceDate "2021.10.06"]
[SourceVersion "1"]
[SourceVersionDate "2021.10.06"]
[SourceQuality "1"]

1. Nf3 Nf6 2. c4 g6 3. Nc3 Bg7 4. d4 d6 5. g3 O-O 6. Bg2 e5 7. dxe5 Ng4 8. Bg5 Qe8 9. Nd5 Na6 10. Be7 Nxe5 11. Nxe5 Bxe5 12. Qc2 c6 13. Bxf8 cxd5 14. Bh6 Bf5 15. e4 dxe4 16. Bxe4 Bxe4 17. Qd2 Bxh1 18. O-O-O Qc6 19. b3 Be4 20. f4 Bh8 21. Qxd6 Qxd6 22. Rxd6 f5 23. Rd7 Nb4 24. a3 Nc6 25. Bg5 Na5 26. b4 Nxc4 27. Be7 Rc8 28. Kd1 Nxa3 29. Bc5 Bf6 30. Bxa7 Rd8 31. Rxd8+ Bxd8 32. Bc5 Bf6 33. Kd2 Kf7 34. Ke3 Ke6 35. h4 Nc4+ 36. Kf2 Be7 37. Bb6 Nxb6 0-1

[Event "Scarborough CC Fall Swiss U1700"]
[Site "Toronto CAN"]
[Date "2007.12.13"]
[Round "7"]
[White "Roe, Jim"]
[Black "Graham, John"]
[Result "0-1"]
[WhiteElo "1553"]
[BlackElo "1534"]
[PlyCount "84"]
[GameId "2160767910578715"]
[EventDate "2007.11.01"]
[EventType "swiss"]
[EventRounds "8"]
[EventCountry "CAN"]
[SourceTitle "EXT 2022"]
[Source "ChessBase"]
[SourceDate "2021.10.06"]
[SourceVersion "1"]
[SourceVersionDate "2021.10.06"]
[SourceQuality "1"]

1. d4 e6 2. c4 Nf6 3. Nc3 d5 4. e3 Bb4 5. Bd2 Nc6 6. Nf3 O-O 7. Rc1 Bxc3 8. Bxc3 Ne4 9. Be2 Re8 10. O-O Nxc3 11. Rxc3 dxc4 12. Bxc4 Ne7 13. e4 c6 14. Qc2 Ng6 15. Rd1 Qe7 16. Qd2 b5 17. Bb3 Bb7 18. Rc5 Rad8 19. Qe3 a5 20. a3 a4 21. Ba2 e5 22. d5 Rd6 23. Rdc1 Red8 24. dxc6 Rd1+ 25. Ne1 R8d3 26. Qe2 Nf4 27. cxb7 Nxe2+ 28. Kf1 Nxc1 29. b8=Q+ Rd8 30. Qxb5 Nxa2 31. Rxe5 Qf8 32. Qxa4 g6 33. Qa7 Qh6 34. Rd5 Nc1 35. Rxd1 Rxd1 36. Qb8+ Kg7 37. Qe5+ Kg8 38. Qe8+ Kg7 39. Qe5+ Kg8 40. Qe8+ Qf8 41. Qa4 Qd8 42. Qb4 Nd3 0-1

[Event "Scarborough CC Fall Swiss U1700"]
[Site "Toronto CAN"]
[Date "2007.12.13"]
[Round "7"]
[White "Verde, Pino"]
[Black "Wu, Kevin"]
[Result "1-0"]
[WhiteElo "1677"]
[BlackElo "1517"]
[PlyCount "107"]
[GameId "2160767910578716"]
[EventDate "2007.11.01"]
[EventType "swiss"]
[EventRounds "8"]
[EventCountry "CAN"]
[SourceTitle "EXT 2022"]
[Source "ChessBase"]
[SourceDate "2021.10.06"]
[SourceVersion "1"]
[SourceVersionDate "2021.10.06"]
[SourceQuality "1"]

1. e4 c5 2. Nf3 d6 3. Bc4 Nf6 4. d3 Nc6 5. c3 g6 6. Bb3 Bg7 7. h3 b5 8. Nbd2 Bb7 9. O-O O-O 10. Re1 Nd7 11. Nf1 Nb6 12. Ne3 e6 13. Ng4 h5 14. Nh6+ Kh8 15. g4 a5 16. gxh5 a4 17. Bc2 Ne5 18. hxg6 fxg6 19. Nxe5 Bxe5 20. Qg4 Qf6 21. Be3 Qf3 22. Qxf3 Rxf3 23. Kg2 Rff8 24. f4 Bg7 25. Ng4 Rac8 26. Kg3 d5 27. Ne5 Bxe5 28. fxe5 dxe4 29. dxe4 Nc4 30. Bh6 Rfd8 31. Bg5 Rf8 32. Bf6+ Kh7 33. Red1 Bc6 34. Rd3 Nxb2 35. Rf3 Nc4 36. Rf4 Kg8 37. Rh4 Kf7 38. Rh7+ Ke8 39. Re7+ Kd8 40. Rd1+ Bd5 41. exd5 Rc7 42. Rf7+ Kc8 43. Rxf8+ Kb7 44. dxe6 b4 45. Be4+ Ka7 46. e7 Rxe7 47. Bxe7 Kb6 48. Rf6+ Kb5 49. Rd5 Nd6 50. Rfxd6 Kc4 51. Rc6 Kxc3 52. Rcxc5+ Kb2 53. Rc2+ Ka3 54. Rd3# 1-0

[Event "Scarborough CC Fall Swiss U1700"]
[Site "Toronto CAN"]
[Date "2007.12.13"]
[Round "7"]
[White "Xia, Linda"]
[Black "Termeer, Ted"]
[Result "1/2-1/2"]
[WhiteElo "1329"]
[BlackElo "1514"]
[PlyCount "64"]
[GameId "2160767910578718"]
[EventDate "2007.11.01"]
[EventType "swiss"]
[EventRounds "8"]
[EventCountry "CAN"]
[SourceTitle "EXT 2022"]
[Source "ChessBase"]
[SourceDate "2021.10.06"]
[SourceVersion "1"]
[SourceVersionDate "2021.10.06"]
[SourceQuality "1"]

1. d4 Nf6 2. Bg5 e6 3. e4 Be7 4. Bxf6 Bxf6 5. Nf3 O-O 6. Bd3 d6 7. O-O c5 8. dxc5 dxc5 9. Nc3 Bxc3 10. bxc3 b6 11. c4 Nc6 12. Re1 Bb7 13. Qd2 Nd4 14. Qf4 Nxf3+ 15. Qxf3 Qd4 16. Qe3 Rad8 17. a4 Qxe3 18. Rxe3 Rd4 19. a5 Ra8 20. f3 f6 21. Kf2 e5 22. Ke2 Kf7 23. Kd2 Bc6 24. g3 g6 25. Kc3 h6 26. h4 h5 27. Ree1 Kg7 28. axb6 axb6 29. Rxa8 Bxa8 30. Ra1 Rd8 31. Ra7+ Kh6 32. Rf7 Rd6 1/2-1/2

[Event "Scarborough CC Fall Swiss U1700"]
[Site "Toronto CAN"]
[Date "2007.12.20"]
[Round "8"]
[White "Graham, John"]
[Black "Gillis, Doug"]
[Result "1/2-1/2"]
[WhiteElo "1534"]
[BlackElo "1541"]
[PlyCount "68"]
[GameId "2160767910578719"]
[EventDate "2007.11.01"]
[EventType "swiss"]
[EventRounds "8"]
[EventCountry "CAN"]
[SourceTitle "EXT 2022"]
[Source "ChessBase"]
[SourceDate "2021.10.06"]
[SourceVersion "1"]
[SourceVersionDate "2021.10.06"]
[SourceQuality "1"]

1. c4 e5 2. g3 d6 3. Bg2 Nf6 4. Nc3 Be7 5. d4 exd4 6. Qxd4 O-O 7. e3 Nc6 8. Qd2 Ne5 9. b3 c6 10. Bb2 Bf5 11. e4 Bg4 12. f3 Bc8 13. Nge2 Bh3 14. O-O Qb6+ 15. Rf2 Bxg2 16. Kxg2 Rfd8 17. Na4 Qc7 18. Qe3 Nfg4 19. fxg4 Nxg4 20. Qf4 Nxf2 21. Rf1 Qa5 22. Rxf2 Qh5 23. Qf5 Qg6 24. Nf4 Qxf5 25. exf5 Bg5 26. Nh5 g6 27. Bf6 Bxf6 28. Nxf6+ Kg7 29. fxg6 fxg6 30. Nc3 Rf8 31. Nce4 d5 32. cxd5 cxd5 33. Nxd5 Rxf2+ 34. Kxf2 Rc8 1/2-1/2

[Event "Scarborough CC Fall Swiss U1700"]
[Site "Toronto CAN"]
[Date "2007.12.20"]
[Round "8"]
[White "Philip, Andrew"]
[Black "Verde, Pino"]
[Result "1/2-1/2"]
[WhiteElo "1636"]
[BlackElo "1677"]
[PlyCount "74"]
[GameId "2160767910578720"]
[EventDate "2007.11.01"]
[EventType "swiss"]
[EventRounds "8"]
[EventCountry "CAN"]
[SourceTitle "EXT 2022"]
[Source "ChessBase"]
[SourceDate "2021.10.06"]
[SourceVersion "1"]
[SourceVersionDate "2021.10.06"]
[SourceQuality "1"]

1. d4 e6 2. c4 c5 3. d5 exd5 4. cxd5 d6 5. Nc3 g6 6. e4 a6 7. a4 Bg7 8. Nf3 Qe7 9. Bd3 Nd7 10. O-O Ne5 11. Nxe5 Bxe5 12. Be3 Qh4 13. f4 Nf6 14. fxe5 Ng4 15. Bf4 dxe5 16. Bg3 Qg5 17. Qf3 f5 18. exf5 O-O 19. Ne4 Qe3+ 20. Qxe3 Nxe3 21. Rfc1 gxf5 22. Nxc5 f4 23. Bh4 Nf5 24. Bxf5 Bxf5 25. Ne6 Rf7 26. Rc7 Bxe6 27. Rxf7 Bxf7 28. d6 Be6 29. Rc1 Rc8 30. Rd1 Bd7 31. Re1 Rc5 32. Bf6 Bxa4 33. Bxe5 Rc2 34. Rd1 Bd7 35. Bc3 Kf7 36. Re1 Be6 37. Rd1 Bd7 1/2-1/2

[Event "Scarborough CC Fall Swiss U1700"]
[Site "Toronto CAN"]
[Date "2007.12.20"]
[Round "8"]
[White "Pishdad, Hassan"]
[Black "Xia, Linda"]
[Result "0-1"]
[WhiteElo "1186"]
[BlackElo "1329"]
[PlyCount "64"]
[GameId "2160767910578721"]
[EventDate "2007.11.01"]
[EventType "swiss"]
[EventRounds "8"]
[EventCountry "CAN"]
[SourceTitle "EXT 2022"]
[Source "ChessBase"]
[SourceDate "2021.10.06"]
[SourceVersion "1"]
[SourceVersionDate "2021.10.06"]
[SourceQuality "1"]

1. e4 e5 2. Nf3 Nc6 3. Bb5 a6 4. Bc4 Nf6 5. d3 h6 6. a3 b5 7. Ba2 Bc5 8. O-O O-O 9. Nc3 Bb7 10. b4 Ba7 11. Bb2 d6 12. Nd5 Re8 13. Nxf6+ Qxf6 14. Qe2 Nd4 15. Bxd4 exd4 16. Rfe1 c5 17. Qd2 c4 18. Qc1 cxd3 19. cxd3 Rac8 20. Qd1 Rc3 21. Bb3 Rd8 22. a4 bxa4 23. Rxa4 d5 24. b5 dxe4 25. dxe4 d3 26. Rc4 d2 27. Rxc3 Qxc3 28. Re3 Bxe3 29. fxe3 Qxe3+ 30. Kf1 Bxe4 31. Bxf7+ Kh8 32. Bh5 Bd3+ 0-1

[Event "Scarborough CC Fall Swiss U1700"]
[Site "Toronto CAN"]
[Date "2007.12.20"]
[Round "8"]
[White "Termeer, Ted"]
[Black "Roe, Jim"]
[Result "0-1"]
[WhiteElo "1514"]
[BlackElo "1553"]
[PlyCount "77"]
[GameId "2160767910578722"]
[EventDate "2007.11.01"]
[EventType "swiss"]
[EventRounds "8"]
[EventCountry "CAN"]
[SourceTitle "EXT 2022"]
[Source "ChessBase"]
[SourceDate "2021.10.06"]
[SourceVersion "1"]
[SourceVersionDate "2021.10.06"]
[SourceQuality "1"]

1. Nf3 e6 2. d4 d5 3. a3 c5 4. e3 Nc6 5. c3 Nf6 6. Bb5 Bd7 7. O-O Bd6 8. Bxc6 Bxc6 9. Ne5 Bb5 10. Re1 Qc7 11. f4 Ne4 12. Nd2 Nxd2 13. Bxd2 O-O 14. Rc1 f6 15. Ng4 Bd3 16. Nf2 Bb5 17. b4 cxd4 18. cxd4 Qd7 19. Kh1 Rac8 20. h4 Rxc1 21. Bxc1 Rc8 22. g4 Ba4 23. Qf3 Rc2 24. Nd3 b6 25. Re2 Rc3 26. Rd2 Bb5 27. Qd1 Ba4 28. Qe2 Rc7 29. g5 Bb5 30. Qe1 Qf7 31. gxf6 Bxd3 32. Rxd3 Qxf6 33. Rd2 Qf5 34. Rg2 Qe4 35. Kh2 Bxf4+ 36. Kg1 Rxc1 37. Qxc1 Bxe3+ 38. Qxe3 Qxe3+ 39. Kh2 0-1

[Event "Scarborough CC Fall Swiss U1700"]
[Site "Toronto CAN"]
[Date "2007.12.20"]
[Round "8"]
[White "Wu, Kevin"]
[Black "Douglas, Steven1"]
[Result "1/2-1/2"]
[WhiteElo "1517"]
[BlackElo "1613"]
[PlyCount "76"]
[GameId "2160767910578724"]
[EventDate "2007.11.01"]
[EventType "swiss"]
[EventRounds "8"]
[EventCountry "CAN"]
[SourceTitle "EXT 2022"]
[Source "ChessBase"]
[SourceDate "2021.10.06"]
[SourceVersion "1"]
[SourceVersionDate "2021.10.06"]
[SourceQuality "1"]

1. e4 d6 2. d4 g6 3. Nf3 Bg7 4. Be3 Nf6 5. Nc3 c6 6. h3 Qa5 7. Bd3 c5 8. O-O cxd4 9. Nxd4 Nc6 10. Nb3 Qh5 11. Be2 Qh4 12. Nd2 Bxh3 13. g3 Bxf1 14. gxh4 Bh3 15. Kh2 Bd7 16. Nb3 Ne5 17. Nd5 Nfg4+ 18. Bxg4 Nxg4+ 19. Kg1 Kd8 20. Bd4 Ne5 21. f4 Bg4 22. Qf1 Nf3+ 23. Kg2 Nxd4 24. Nxd4 Bxd4 25. Qc4 Bb6 26. Nxb6 axb6 27. e5 Be6 28. Qd4 Kc7 29. exd6+ exd6 30. Rd1 Rhd8 31. a3 Ra5 32. Rd3 Rd5 33. Rc3+ Rc5 34. b4 Rc6 35. Kg3 h5 36. Rxc6+ bxc6 37. c4 Ra8 38. Qc3 Re8 1/2-1/2

[Event "Scarborough CC Howard Ridout Swiss"]
[Site "Toronto CAN"]
[Date "2007.09.13"]
[Round "1"]
[White "Armstrong, Robert J"]
[Black "Siddeley, Hugh"]
[Result "0-1"]
[WhiteElo "1771"]
[BlackElo "2100"]
[PlyCount "34"]
[GameId "2160767910579121"]
[EventDate "2007.09.13"]
[EventType "swiss"]
[EventRounds "7"]
[EventCountry "CAN"]
[SourceTitle "EXT 2022"]
[Source "ChessBase"]
[SourceDate "2021.10.06"]
[SourceVersion "1"]
[SourceVersionDate "2021.10.06"]
[SourceQuality "1"]

1. d4 Nf6 2. c4 c5 3. d5 b5 4. cxb5 a6 5. Nc3 axb5 6. Nxb5 Qa5+ 7. Nc3 Bb7 8. Bd2 Qb6 9. e4 e6 10. Bc4 Nxe4 11. Nxe4 exd5 12. Nxc5 Bxc5 13. Qe2+ Kd8 14. O-O-O dxc4 15. Qg4 Bd4 16. Bg5+ Bf6 17. Bf4 Qxb2# 0-1

[Event "Scarborough CC Howard Ridout Swiss"]
[Site "Toronto CAN"]
[Date "2007.09.13"]
[Round "1"]
[White "Ferreira, Alex"]
[Black "Villalobos, Oscar"]
[Result "1-0"]
[WhiteElo "2025"]
[BlackElo "1760"]
[PlyCount "53"]
[GameId "2160767910579122"]
[EventDate "2007.09.13"]
[EventType "swiss"]
[EventRounds "7"]
[EventCountry "CAN"]
[SourceTitle "EXT 2022"]
[Source "ChessBase"]
[SourceDate "2021.10.06"]
[SourceVersion "1"]
[SourceVersionDate "2021.10.06"]
[SourceQuality "1"]

1. d4 Nf6 2. Bg5 Ne4 3. Bh4 g5 4. f3 gxh4 5. fxe4 c5 6. e3 Qb6 7. b3 Bh6 8. Kf2 d6 9. Nc3 Nc6 10. Nd5 Qd8 11. c3 O-O 12. Qh5 Bg7 13. Nf3 e6 14. Nf4 f5 15. Ng5 h6 16. Ngxe6 Bxe6 17. Nxe6 Qf6 18. Nxf8 fxe4+ 19. Ke1 Rxf8 20. Bc4+ Kh7 21. Rf1 Qe7 22. Rxf8 Qxf8 23. Be6 Qf6 24. Qf5+ Kh8 25. Qxf6 Bxf6 26. Bd5 cxd4 27. cxd4 1-0

[Event "Scarborough CC Howard Ridout Swiss"]
[Site "Toronto CAN"]
[Date "2007.09.13"]
[Round "1"]
[White "Garel, Rick"]
[Black "Douglas, Richard"]
[Result "0-1"]
[WhiteElo "1989"]
[BlackElo "1734"]
[PlyCount "56"]
[GameId "2160767910579123"]
[EventDate "2007.09.13"]
[EventType "swiss"]
[EventRounds "7"]
[EventCountry "CAN"]
[SourceTitle "EXT 2022"]
[Source "ChessBase"]
[SourceDate "2021.10.06"]
[SourceVersion "1"]
[SourceVersionDate "2021.10.06"]
[SourceQuality "1"]

1. c4 Nf6 2. Nc3 g6 3. Nf3 Bg7 4. g3 O-O 5. Bg2 d6 6. O-O e5 7. d3 Nc6 8. Rb1 a5 9. a3 Bd7 10. Bg5 h6 11. Bd2 Ne7 12. Qc1 Kh7 13. b4 axb4 14. axb4 Qc8 15. Nd5 Nfxd5 16. cxd5 f5 17. e4 Bb5 18. Ne1 Qd7 19. f3 Rac8 20. Qa3 c6 21. dxc6 Nxc6 22. Nc2 Ra8 23. Qb3 Rfc8 24. Rfc1 Ba4 25. Qb2 Bxc2 26. Rxc2 Nd4 27. Rxc8 Rxc8 28. Bc3 Rxc3 0-1

[Event "Scarborough CC Howard Ridout Swiss"]
[Site "Toronto CAN"]
[Date "2007.09.13"]
[Round "1"]
[White "Hall, John2"]
[Black "Manalo, Pepin"]
[Result "1-0"]
[WhiteElo "2112"]
[BlackElo "1777"]
[PlyCount "57"]
[GameId "2160767910579124"]
[EventDate "2007.09.13"]
[EventType "swiss"]
[EventRounds "7"]
[EventCountry "CAN"]
[SourceTitle "EXT 2022"]
[Source "ChessBase"]
[SourceDate "2021.10.06"]
[SourceVersion "1"]
[SourceVersionDate "2021.10.06"]
[SourceQuality "1"]

1. d4 Nf6 2. c4 e6 3. Nc3 Bb4 4. Qc2 b6 5. e4 Bb7 6. Bd3 d5 7. cxd5 Bxc3+ 8. bxc3 exd5 9. e5 Ne4 10. Ne2 Nd7 11. O-O Qh4 12. f3 Ng5 13. Bxg5 Qxg5 14. f4 Qe7 15. a4 c5 16. Ng3 c4 17. Be2 O-O 18. Nf5 Qd8 19. Rf3 g6 20. Nd6 Bc6 21. f5 Qe7 22. f6 Qe6 23. Qd2 Kh8 24. Qh6 Rg8 25. Rh3 Nf8 26. Bg4 Qe8 27. Nxe8 Rxe8 28. e6 Nxe6 29. Qxh7# 1-0

[Event "Scarborough CC Howard Ridout Swiss"]
[Site "Toronto CAN"]
[Date "2007.09.13"]
[Round "1"]
[White "Lamb, Bryan"]
[Black "Fan, Yibing"]
[Result "1-0"]
[WhiteElo "2207"]
[BlackElo "1865"]
[PlyCount "43"]
[GameId "2160767910579125"]
[EventDate "2007.09.13"]
[EventType "swiss"]
[EventRounds "7"]
[EventCountry "CAN"]
[SourceTitle "EXT 2022"]
[Source "ChessBase"]
[SourceDate "2021.10.06"]
[SourceVersion "1"]
[SourceVersionDate "2021.10.06"]
[SourceQuality "1"]

1. c4 c5 2. Nc3 Nc6 3. Nf3 Nf6 4. g3 g6 5. d4 cxd4 6. Nxd4 Bg7 7. Bg2 O-O 8. O-O a6 9. Qd2 Rb8 10. b3 Qa5 11. Bb2 d5 12. Nxc6 bxc6 13. Qf4 Bb7 14. Rac1 Nh5 15. Qd2 d4 16. Ne4 Qxa2 17. Bf3 d3 18. Rb1 dxe2 19. Bxe2 Rfd8 20. Qc2 Qa5 21. c5 Nf6 22. Nxf6+ 1-0

[Event "Scarborough CC Howard Ridout Swiss"]
[Site "Toronto CAN"]
[Date "2007.09.13"]
[Round "1"]
[White "London, John"]
[Black "Yuan, Yuanling"]
[Result "0-1"]
[WhiteElo "1826"]
[BlackElo "2169"]
[PlyCount "69"]
[GameId "2160767910579126"]
[EventDate "2007.09.13"]
[EventType "swiss"]
[EventRounds "7"]
[EventCountry "CAN"]
[SourceTitle "EXT 2022"]
[Source "ChessBase"]
[SourceDate "2021.10.06"]
[SourceVersion "1"]
[SourceVersionDate "2021.10.06"]
[SourceQuality "1"]

1. c4 Nf6 2. d4 g6 3. g3 Bg7 4. Bg2 O-O 5. Nc3 d6 6. Nf3 Nc6 7. d5 Nb8 8. O-O e5 9. Bg5 h6 10. Bxf6 Qxf6 11. Qd2 Nd7 12. Rab1 a5 13. Ne1 Nc5 14. Nd3 Nxd3 15. Qxd3 Qe7 16. e4 f5 17. exf5 Bxf5 18. Be4 Kh7 19. Bxf5 Rxf5 20. Ne4 Raf8 21. Qc2 b6 22. b4 axb4 23. Rxb4 Qd7 24. Qa4 Qc8 25. Qc6 Rh5 26. f3 Qh3 27. Rb2 Rf7 28. Qe8 Rf8 29. Qe7 Qc8 30. g4 Rh3 31. Kg2 Rhxf3 32. Rxf3 Qxg4+ 33. Rg3 Qxe4+ 34. Kh3 Qf5+ 35. Rg4 0-1

[Event "Scarborough CC Howard Ridout Swiss"]
[Site "Toronto CAN"]
[Date "2007.09.13"]
[Round "1"]
[White "Moysoski, Randy"]
[Black "Muir, Tom"]
[Result "1-0"]
[WhiteElo "1914"]
[BlackElo "1712"]
[PlyCount "65"]
[GameId "2160767910579127"]
[EventDate "2007.09.13"]
[EventType "swiss"]
[EventRounds "7"]
[EventCountry "CAN"]
[SourceTitle "EXT 2022"]
[Source "ChessBase"]
[SourceDate "2021.10.06"]
[SourceVersion "1"]
[SourceVersionDate "2021.10.06"]
[SourceQuality "1"]

1. e4 c6 2. Ne2 d5 3. e5 Bf5 4. Nd4 Qc8 5. Nxf5 Qxf5 6. d4 Qd7 7. Be3 e6 8. c4 Ne7 9. Nc3 Nf5 10. Be2 Nxe3 11. fxe3 Be7 12. O-O O-O 13. Qc2 Na6 14. c5 Nc7 15. Rf3 f5 16. exf6 Rxf6 17. Rh3 g6 18. Qb3 Ne8 19. Bg4 Ng7 20. Rd1 Raf8 21. Qa4 b6 22. b4 b5 23. Qa6 h5 24. Be2 Rf2 25. a4 bxa4 26. Qxa4 Qe8 27. Qa2 Qf7 28. Qa6 Bg5 29. Qd3 Re8 30. Rb1 Rf5 31. b5 cxb5 32. Nxb5 Re7 33. Nd6 1-0